000 00601nam a2200229Ia 4500
003 OSt
005 20221005121433.0
006 a|||||r|||| 00| 0
007 ta
008 221004b |||||||| |||| 00| 0 eng d
024 _a42079
037 _cTextual
040 _aCRL
_cCRL
_beng
041 _2eng
_aeng
082 _aO113,1L97w, 111K2
100 _aBrod Max
_962840
245 0 _aHeinrich Heine tr from the German by Joseph Withriol
260 _c1962
650 _aENGLISH LITERATURE
942 _hO113,1L97w, 111K2
_cTEXL
_2cc
999 _c1041153
_d1041153